Normal view MARC view
  • Motley Fool, Inc.

Entry Corporate Name

Number of records used in: 3

001 - CONTROL NUMBER

  • control field: 7729

003 - CONTROL NUMBER IDENTIFIER

  • control field: NUST

005 - DATE AND TIME OF LATEST TRANSACTION

  • control field: 20171228094300.0

008 - FIXED-LENGTH DATA ELEMENTS

  • fixed length control field: 171228|| aca||aabn | a|a d

040 ## - CATALOGING SOURCE

  • Original cataloging agency: NUST
  • Transcribing agency: NUST

110 ## - HEADING--CORPORATE NAME

  • Corporate name or jurisdiction name as entry element: Motley Fool, Inc.

670 ## - SOURCE DATA FOUND

  • Source citation: Work cat.: (NUST)0: Gardner, David, 1966- 7725, The Motley Fool investment guide :, 1996.
© 2023 Central Library, National University of Sciences and Technology. All Rights Reserved.